Blackadder goes forth characters - Statistics

General Stats
  • This quiz has been taken 55 times
  • The average score is 4 of 10
Answer Stats
Hint Answer % Correct
EB Edmund Blackadder
100%
KD Kevin Darling
68%
SB Sodoff Baldrick
65%
LF Lord Flashheart
50%
QE Queen Elizabeth
30%
ACHM Anthony Cecil Hogmanay Melchett
23%
N Nursie
23%
PP Percy Percy
13%
K(B)P Kate(Bob)Parkhurst
8%
LG Lt George
5%
No matching quizzes found
Score Distribution
Percent of People with Each Score
Percentile by Number Answered
Your Score History
You have not taken this quiz